1397 1366 1412 1319 1501 1564 1157 1370 1701 1908 1773 1546 1598 1382 1015 1343 1055 1814 1988 1341 1157 1818 1169 1675 1960 1524 1353 1379 1086 1945 1681 1515 1997 1203 1463 1472 1449 1936 1478 1489 1193 1169 1082 1498 1311 1271 1731 1727 1115 1711 1474 1198 1473 1541 1745 1389 1042 1486 1107 1294 1427 1410 1351 1886 1067 1043 1779 1465 1376 1202 1036 1059 1150 1203 1529 1677 1062 1114 1223 1879 1595 1832 1164 1625 1302 1661 1419 1417 1265 1827 1118 1751 1589 1593 1864 1103 1394 1833 1232 BCNSPRNW ULIB Ver.6.0+V

เปลี่ยนเป็นภาษาไทย

Change to English
 แสดงรายละเอียดบรรณานุกรม
  กลับหน้าหลัก

Brief Record : Get Marc (ISO 2709) : E-mail record : QR code < ปิดหน้าต่าง
LEADER : 00000nam 2200000uu 4500
001    13399121543
003     ULIB
008    121122s2541||||th 000 0 tha d
099 00 ^aวพ.W 4^bป226บ
100 0  ^aปาลีรัตน์ พรทวีกัณทา
245 10 ^aแบบแผนชีวิตที่ส่งเสริมสุขภาพของผู้สูงอายุในจังหวัดลำปาง /^cปาลีรัตน์ พรทวีกัณทา
260    ^aเชียงใหม่ :^bบัณฑิตวิทยาลัย มหาวิทยาลัยเชียงใหม่,^c2541
300    ^aฎ, 89 แผ่น :^bตาราง
502    ^aวิทยานิพนธ์ (พยาบาลศาสตรมหาบัณฑิต (สาขาวิชาการพยาบาลผู้สูงอายุ)) -- มหาวิทยาลัยเชียงใหม่
504    ^aบรรณานุกรม: แผ่น 61-72
650  2 ^aDissertations, Academic^xNursing
650  2 ^aLife style^xIn old age
650  2 ^aHealth promotion^xIn old age
650  7 ^aผู้สูงอายุ^xการดูแล^zลำปาง
650  7 ^aสุขภาพ
710 20 ^aมหาวิทยาลัยเชียงใหม่.^bบัณฑิตวิทยาลัย
710 20 ^aมหาวิทยาลัยเชียงใหม่.^bสาขาวิชาการพยาบาลผู้สูงอายุ
945    ^p0^l0^i033138
995    ^a เกษร
999    ^aใช้งานได้ทุกระบบ
รายการนี้ยังไม่มีแท็ก
คุณยังไม่ได้ล็อกอิน คุณสามารถมีกิจกรรมร่วมกับเว็บไซต์ได้ แต่ต้องล็อกอินก่อน ::
  ล็อกอิน

รายการสื่อสารสนเทศ

ลำดับที่ ประเภท เลขเรียก/บาร์โค้ด สถานที่ สถานะ
1. วิทยานิพนธ์
วิทยานิพนธ์
วพ.W 4 ป226บ  
  Barcode: 033138
ห้องสมุดวิทยาเขตสวรรค์ประชารักษ์
►วิจัย
บนชั้น

รายการใกล้เคียง
    ผู้แต่ง [ปาลีรัตน์ พรทวีกัณทา]

    หัวเรื่อง [สุขภาพ]

BibComment


ยังไม่เคยถูกคอมเมนท์

คอมเมนท์ทรัพยากรรายการนี้
  คอมเมนท์: แบบแผนชีวิตที่ส่..


 Copyright 2026. Bcnsprnw @Library